MDQL
is popping MORE tags! Check the
thread
!
Quizzes
Events
Quiz Creation
Community
Videos
Private Events
Remove Ads
Sign In
Join for FREE
Feedback
Dark Mode
Quiz Categories
Sports
Geography
Music
Movies
Television
Just For Fun
Miscellaneous
History
Literature
Language
Science
Gaming
Entertainment
Religion
Holiday
For Kids
Quiz Lab
Recent
Popular Today
Quiz Kudos Today
Editor Picks
Curator Picks
Quizzes by...
Day
Popularity
Type
Ratings
Length
Year
Community
Subscriptions
Recent Discussions
Orange Saloon
Badges
Playlists
Quests
Create
Leaderboards
Showdown
Live 5
Trivia Bingo
Activity
Puzzle Library
Sporcle Events
Private Events
Virtual Trivia
Globe League
Become a Host
Pub Owners
SporcleCon
Opinionation
Our Games
Videos
Blog
Mobile Apps
Partnerships
Remove Ads and Go Orange
Feedback
Sports
Athletes
MLB
NBA
NHL
NFL
Soccer
Sports Teams
WWE
NCAA
Football
Premier League
Basketball
Baseball
Hockey
Golf
Tennis
Cricket
Rugby
Auto Racing
Olympics
World Cup
Sports
Athletes
MLB
NBA
NHL
NFL
Soccer
Sports Teams
WWE
NCAA
Football
Premier League
Basketball
Baseball
Hockey
Golf
Tennis
Cricket
Rugby
Auto Racing
Olympics
World Cup
Random Quiz
Search Sporcle
×
Quiz Lab
Quiz Lab
Sports
Golf
Type in answers that appear in a list
Type in answers that appear in a list
Classic
Best Score? Go Orange.
2010 World Golf Stats
Can you name the top 65 PGA golfers of 2010?
By
wewill1992
15m
65 Questions
966 Plays
966 Plays
966 Plays
Comments
Comments
Give Quiz Kudos
Give Quiz Kudos
-
- Ratings
hide this ad
More Info
Replay
Link that replays current quiz
Next Quiz
Link to next quiz in quiz playlist
You Got
0%
They Got
Avg Score
54%
Avg Friend Score
Upgrade to see
Score Distribution
Jump to the score distribution portion of the page
Score
0/65
Timer
15:00
0
Plays Today
Ranking
Golfer
% Correct
1
Tiger Woods
98.7%
3
Phil Mickelson
97.7%
4
Lee Westwood
90.1%
31
Vijay Singh
89.6%
17
Ernie Els
89.4%
7
Rory McIlroy
88.3%
59
Jeev Milkha Singh
87.7%
15
Sergio Garcia
86.7%
10
Padraig Harrington
84.6%
6
Martin Kaymer
82.3%
2
Steve Stricker
81.9%
11
Ian Poulter
79.8%
5
Jim Furyk
78.4%
40
Mike Weir
76%
9
Henrik Stenson
75.6%
26
Angel Cabrera
74.2%
43
Adam Scott
74%
65
Chris Wood
73.4%
25
Camillo Villegas
73.2%
20
Retief Goosen
72.6%
8
Paul Casey
72.3%
44
Dustin Johnson
71.7%
24
Zach Johnson
71.5%
46
Graeme McDowell
71.1%
12
Geoff Ogilvy
66.3%
28
Y.E. Yang
66%
23
Luke Donald
65.3%
45
Francesco Molinari
64.2%
48
Edoardo Molinari
64.1%
18
Robert Karlsson
62%
27
Anthony Kim
60.8%
21
Stewart Cink
57.9%
30
Miguel Angel Jimenez
56.7%
Ranking
Golfer
% Correct
38
Tim Clark
54.2%
47
Anders Hansen
53.3%
49
Soren Hansen
53.2%
14
Robert Allenby
52.3%
32
Hunter Mahan
50.6%
55
Peter Hanson
49.1%
13
Kenny Perry
46.4%
34
Ryo Ishikawa
46.1%
19
Ross Fisher
45.5%
29
Alvaro Quiros
42.2%
61
Stephen Ames
42.1%
37
Charl Schwartzel
39.6%
22
Lucas Glover
39.1%
42
Matt Kuchar
36.6%
50
Thongchai Jaidee
35.5%
39
Oliver Wilson
32.7%
58
Justin Leonard
28.7%
51
Rory Sabbatini
28.5%
16
Sean O'Hair
28.4%
54
David Toms
27.7%
41
Soren Kjeldsen
26.1%
63
Chad Campbell
25.4%
33
Nick Watney
24.9%
35
Michael Sim
18.5%
52
Ryan Moore
15.3%
53
Simon Dyson
14.9%
60
Ben Crane
14.7%
62
Kevin Na
14.6%
64
Scott Verplank
14.5%
56
Brian Gay
13.3%
36
Yuta Ikeda
11.8%
57
Alexander Noren
7.3%
Quiz Playlist
Details
Report
Send in Message
Add To Playlist
More Info:
As of February 7, 2010
Classic:
Type in answers that appear in a list
Quiz Source
Last Updated: Dec 6, 2018
Quiz Scoreboard
CHALLENGE
Sign Up to Join the Scoreboard
Show All
Scores
Hide
Comments
May contain spoilers
Recently Published
1-10 Letter E Words III
by El_Dandy
Language
2m
Street Fighter Characters
by Artimus82
Gaming
60s
College Basketball Coaching Resumes
by pancakes188
Sports
9m
More to Explore
Quiz From the Vault
Featured Blog Post
Where Did the Easter Bunny Come From?
hide this ad
You Might Also Like...
Tags
Country Quiz
Golf Quiz
World Quiz
2010
PGA
Today's Top Quizzes in Sports
Browse Sports
hide this ad
Today's Top Quizzes in Golf
Browse Golf
Top Contributed Quizzes in Sports
1
2022 World Cup Stars
2
Les meilleurs buteurs des matchs entre le PSG et l’OM
3
FIFA Club World Cup Champions
4
Les entraîneurs de l'OM et du PSG au 21e siècle
5
Criteria MLB: Left Handed Sluggers
6
2023 MLB Unique Player Accomplishments
7
AFC Teams Reveal (Wrong Answers Minefield)
8
Players with Multiple 50 Home Run Seasons
9
5-to-1: FBS Animal Nicknames
10
5-to-1: UK Sports Teams
Explore More
Trending Topics
Marvel
Kpop
Harry Potter
Crossword
Disney
Anime
NBA
Soccer
WWE
Puzzle
Song
The Office
Country
NFL
Pokémon
hide this ad
More By:
wewill1992
Quiz
Plays
Rating
Category
Featured
Created
2010 World Golf
966
4.50
Sports
Feb 10, 2010
Who finished second to Tiger Woods?
432
3.00
Sports
Feb 11, 2010
Pittsburgh Pirates 40 Man Roster
293
5.00
Sports
Feb 11, 2010
2009 NFL Kickers
217
Sports
Nov 29, 2009
2009 NFL Punters
131
Sports
Dec 2, 2009
Go to Creator's Profile
Score Distribution
Quiz Creator Spotlight
wewill1992
Follow
Send a Message
Quizzes Created
-
Created Quiz Play Count
-
More By This Creator
Popular Quizzes Today
1
Find the US States - No Outlines Minefield
2
Find the Countries of Europe - No Outlines Minefield
3
The Countries of the World
4
Find the US States
5
Risky Map Clicking: Biggest States A-Z
6
US States
7
Popular People in 1961
8
Movies - When Are They Set?
More Sports Quizzes
MLB MVP Reveal (1980-1999) XXIII
Quiz Lab
Trending Quizzes
Risky Map Clicking: Least Populous States A-Z
Billboard Blitz: Aretha Franklin
1-10 Letter G Words
Countries of the World: 200 Million BC
1-10 Letter F Words
Recently Updated
Leaping Animals
pecheneg
Reality TV Shows (A-Z)
bhenderson79
Rickey Henderson's Hall of Fame Teammates
pecheneg
Champions League XIs: Arsenal
pecheneg
Quick Pick: Celebrities in WWE's Hall of Fame
aduchscher
A-Z Keypad Blitz II
pecheneg
Multiple Oscar Actors
pecheneg
Mystery Phrase Blitz: Oscar 'Best Actors'
pecheneg
F. Scott Fitzgerald Novels
LTH
Pick 3 Villains
ddd62291
Trending Topics
Harry Potter
NBA
Marvel
Kpop
Anime
Crossword
Disney
Song
Puzzle
Pokémon
Soccer
The Office
WWE
NFL
Country
Your Account Isn't Verified!
In order to create a playlist on Sporcle, you need to verify the email address you used during registration. Go to your
Sporcle Settings
to finish the process.
Report this User
Report this user for behavior that violates our
Community Guidelines
.
Details:
Send Report
Go to the Sporcle.com Mobile Site →
Comments